| 000 | 00382nam a2200145Ia 4500 | ||
|---|---|---|---|
| 003 | SISC | ||
| 005 | 20180213162259.0 | ||
| 008 | 180205s9999 xx 000 0 und d | ||
| 020 | _a9814058068 | ||
| 100 | _aHorngren, Charles T. | ||
| 245 | _aIntroduction to financial accounting / | ||
| 260 |
_aNew jersey 0 _bPearson education _c2000 |
||
| 300 | _av, 626 pages | ||
| 942 |
_2lcc _cBK |
||
| 999 |
_c354831 _d354831 |
||